Системы формирования электронного пучка, выводимого из бетатрона: диссертация на соискание ученой степени кандидата технических наук; спец. 01.04.20

Bibliografiske detaljer
Hovedforfatter: Кашковский В. В. Виктор Васильевич
Institution som forfatter: Томский политехнический институт (ТПИ) Научно-исследовательский институт электронной интроскопии (595)
Andre forfattere: Чахлов В. Л. Владимир Лукьянович (научный руководитель)
Sprog:russisk
Udgivet: Томск, [Б. и.], 1985
Fag:
Format: MixedMaterials Bog
KOHA link:https://koha.lib.tpu.ru/cgi-bin/koha/opac-detail.pl?biblionumber=187542

MARC

LEADER 00000nbm0a2200000 4500
001 187542
005 20231031174022.0
035 |a (RuTPU)RU\TPU\book\203502 
090 |a 187542 
100 |a 20101117d1985 k y0rusy50 ca 
101 0 |a rus 
102 |a RU 
105 |a a m 001zy 
200 1 |a Системы формирования электронного пучка, выводимого из бетатрона  |e диссертация на соискание ученой степени кандидата технических наук  |e спец. 01.04.20  |f В. В. Кашковский  |g Томский политехнический институт (ТПИ), Научно-исследовательский институт электронной интроскопии ; науч. рук. В. Л. Чахлов 
210 |a Томск  |c [Б. и.]  |d 1985 
215 |a 262 л.  |c ил. 
320 |a Библиогр.: с. 250-261 (101 назв.) 
610 1 |a диссертации 
610 1 |a бетатроны 
610 1 |a электронные пучки 
610 1 |a формирование 
610 1 |a заряженные частицы 
610 1 |a ускорительная техника 
610 1 |a параметры 
610 1 |a труды учёных ТПУ 
675 |a 621.384.6  |v 3 
700 1 |a Кашковский  |b В. В.  |c физик  |c доцент Томского политехнического университета, кандидат технических наук  |f 1945-  |g Виктор Васильевич  |2 stltpush  |3 (RuTPU)RU\TPU\pers\27084 
702 1 |a Чахлов  |b В. Л.  |c физик  |c заслуженный деятель науки и техники Российской Федерации  |c заслуженный профессор Томского политехнического университета, доктор технических наук  |f 1934-2011  |g Владимир Лукьянович  |2 stltpush  |3 (RuTPU)RU\TPU\pers\19882  |4 727 
712 0 2 |a Томский политехнический институт (ТПИ)  |b Научно-исследовательский институт электронной интроскопии  |2 stltpush  |3 (RuTPU)RU\TPU\col\12415  |4 595 
801 1 |a RU  |b 63413507  |c 20101117 
801 2 |a RU  |b 63413507  |c 20131018  |g RCR 
942 |c BK